| 000 | 00513nam a2200169 i 4500 | ||
|---|---|---|---|
| 001 | 87024 | ||
| 003 | ES-MaACL | ||
| 005 | 20230906175556.0 | ||
| 007 | t| | ||
| 008 | 041217s1986 sp ||||1| spa d | ||
| 020 | _a84-234-0474-9 | ||
| 100 | 1 |
_aKorlin, Erich. _968596 |
|
| 245 | 1 | 3 |
_aEl estudio de la rentabilidad comercial / _cErich Körlin ; traducción, Servicio de Estudios de Ediciones Deusto. |
| 260 |
_aBilbao : _bDeusto, _c[1986] |
||
| 300 |
_a213 p. ; _c23 cm. |
||
| 852 |
_aES-MaACL _jL-11699 _bR.113863 |
||
| 999 |
_c87024 _d87024 |
||